[Event "North American-ch U10"]
[Site "Montreal"]
[Date "2010.08.16"]
[Round "1"]
[White "Zhang, Yuanchen"]
[Black "Gariaev, Gleb"]
[Result "1-0"]
[WhiteElo "1414"]
[BlackElo "829"]
[PlyCount "97"]
[EventDate "2010.08.16"]
[EventType "swiss"]
[EventRounds "7"]
[EventCountry "CAN"]
[SourceTitle "EXT 2013"]
[Source "ChessBase"]
[SourceDate "2012.11.22"]
[SourceVersion "1"]
[SourceVersionDate "2012.11.22"]
[SourceQuality "1"]

1. d4 d5 2. c4 e6 3. Nc3 c5 4. cxd5 exd5 5. dxc5 d4 6. Nb1 Bxc5 7. Qc2 Bb6 8. Nf3 Nc6 9. Bf4 Nge7 10. Nbd2 0-0 11. Nc4 Ba5+ 12. Nxa5 Qxa5+ 13. Bd2 Qd5 14. a3 Bf5 15. Qd1 Qe6 16. Rc1 Ne5 17. Nxe5 Qxe5 18. Qb3 Qd5 19. Qxd5 Nxd5 20. Rc4 Rfd8 21. Rxd4 Nf6 22. Rxd8+ Rxd8 23. f3 Re8 24. e4 Bd7 25. Bd3 Rd8 26. Ke2 a6 27. Rc1 Bb5 28. Bxb5 axb5 29. Rc7 b6 30. Rc6 Nd7 31. Be3 h6 32. Bxb6 Nxb6 33. Rxb6 Kf8 34. Rxb5 Ke7 35. b4 Kd6 36. Rd5+ Kc7 37. Rxd8 Kxd8 38. a4 Kc7 39. Kd3 Kb6 40. Kc4 Ka7 41. Kc5 Ka8 42. Kb6 Kb8 43. a5 Ka8 44. a6 Kb8 45. b5 g6 46. a7+ Ka8 47. Ka6 h5 48. b6 f5 49. b7# 1-0